| 000 | 01146nam a22002297a 4500 | ||
|---|---|---|---|
| 999 |
_c59715 _d59715 |
||
| 003 | Ge_BSU | ||
| 005 | 20230405122735.0 | ||
| 008 | 230405s2013 ge ||||| |||| 00| 0 geo d | ||
| 020 | _a9789941931147 | ||
| 041 | _ageo | ||
| 080 | _a903.05 : 669.35](479.22) ჯ-26 | ||
| 100 |
_aჯაფარიძე, ოთარ _917492 |
||
| 245 |
_aბრინჯაოს ინდუსტრიის ისტორიისათვის უძველეს საქართველოში / _cოთარ ჯაფარიძე ; საქ. ეროვნ. მუზეუმი. |
||
| 264 |
_aთბილისი, _c2013. |
||
| 300 |
_a88 გვ. : _bსურ., ტაბ. ; _c29 სმ. |
||
| 501 | _aტაბულები: გვ. 64-88. | ||
| 504 | _aბიბლიოგრ.: გვ. 54-61. | ||
| 653 | _aბრინჯაოს წარმოება საქართველოში | ||
| 653 | _aბრინჯაოს მეტალურგიის ისტორია საქართველოში | ||
| 710 |
_aსაქ. ეროვნ. მუზეუმი. _917493 |
||
| 942 |
_2udc _cBK |
||